[Event "CZE-chT2E 1920"]
[Site "Czech Republic"]
[Date "2020.01.12"]
[Round "6.4"]
[White "Hosek, Martin"]
[Black "Sevcik, Leos"]
[Result "1-0"]
[WhiteElo "2152"]
[BlackElo "1927"]
[PlyCount "101"]
[EventDate "2019.10.13"]
[EventType "team-tourn"]
[EventRounds "11"]
[EventCountry "CZE"]
[SourceTitle "EXT 2024"]
[Source "ChessBase"]
[SourceDate "2023.10.10"]
[SourceVersion "1"]
[SourceVersionDate "2023.10.10"]
[SourceQuality "1"]
[WhiteTeam "Jundrov Jezdci"]
[BlackTeam "Adamov"]
[WhiteTeamCountry "CZE"]
[BlackTeamCountry "CZE"]

1. d4 f5 2. c4 Nf6 3. g3 e6 4. Bg2 d5 5. Nh3 c6 6. 0-0 Bd6 7. Bf4 0-0 8. Nd2 Qe7 9. Qc2 Nbd7 10. Nf3 Re8 11. Bxd6 Qxd6 12. Nf4 Nf8 13. a3 Bd7 14. b4 Ne4 15. h4 Qe7 16. Ne5 Nd6 17. Rfc1 Nf7 18. Nfd3 Nxe5 19. Nxe5 Red8 20. e3 Qf6 21. b5 Ng6 22. Nd3 Be8 23. Rab1 Ne7 24. bxc6 bxc6 25. Rb7 dxc4 26. Qxc4 Nd5 27. Qc5 a5 28. Ne5 Rdc8 29. Nc4 Rcb8 30. Rcb1 Qd8 31. Nd6 Rxb7 32. Rxb7 Rb8 33. Rxb8 Qxb8 34. Nxe8 Qxe8 35. Qxa5 Kf7 36. Bxd5 cxd5 37. a4 Qc6 38. Kg2 Qc2 39. Qb5 Qe4+ 40. Kg1 Qc2 41. a5 Qd1+ 42. Kg2 f4 43. exf4 Qxd4 44. a6 Qe4+ 45. Kh2 Qd4 46. Kg1 Qd1+ 47. Kg2 Qd4 48. Qb7+ Kf6 49. a7 Qe4+ 50. Kh2 Qd4 51. Kg1 1-0

[Event "Bohemia South-chT 0405"]
[Site "Czech Republic"]
[Date "2004.??.??"]
[Round "?"]
[White "Sevcik, Jakub"]
[Black "Sevcik, Leos"]
[Result "1-0"]
[WhiteElo "1990"]
[BlackElo "1795"]
[PlyCount "108"]
[EventDate "2004.10.??"]
[EventType "team"]
[EventRounds "11"]
[EventCountry "CZE"]
[SourceTitle "EXT 2007"]
[Source "ChessBase"]
[SourceDate "2006.11.23"]
[SourceVersion "1"]
[SourceVersionDate "2006.11.23"]
[SourceQuality "1"]

1. e4 e5 2. Nf3 Nc6 3. Bc4 Bc5 4. c3 Nf6 5. d4 exd4 6. cxd4 Bb4+ 7. Nc3 Nxe4 8. 0-0 Bxc3 9. d5 0-0 10. bxc3 Ne7 11. Qd4 Nf6 12. Bg5 Ng6 13. d6 c6 14. Rfe1 h6 15. Bd2 b5 16. Bb3 Bb7 17. Ne5 Nxe5 18. Rxe5 Qb6 19. Qh4 Rae8 20. Rae1 Rxe5 21. Rxe5 Re8 22. Rxe8+ Nxe8 23. Qe7 Nxd6 24. Qxd6 Qd8 25. Be3 Qe8 26. Qc5 Qe4 27. h3 d6 28. Qxd6 c5 29. Qg3 c4 30. Bxh6 Qg6 31. Qb8+ Kh7 32. Qxb7 cxb3 33. axb3 Qxh6 34. Qxa7 Qc1+ 35. Kh2 Qxc3 36. Qxf7 b4 37. h4 Qe5+ 38. g3 Qe4 39. h5 Qd4 40. h6 Kxh6 41. Qf4+ Qxf4 42. gxf4 Kg6 43. Kg3 Kf5 44. Kf3 g6 45. Ke3 Kg4 46. Ke4 Kh3 47. f5 gxf5+ 48. Kxf5 Kg2 49. f4 Kf3 50. Ke5 Ke3 51. f5 Kd3 52. f6 Kc3 53. f7 Kxb3 54. f8Q Kc3 1-0

[Event "Bohemia South-chT 0405"]
[Site "Czech Republic"]
[Date "2004.??.??"]
[Round "?"]
[White "Sevcik, Leos"]
[Black "Cupal, Miroslav"]
[Result "0-1"]
[WhiteElo "1795"]
[BlackElo "1995"]
[PlyCount "134"]
[EventDate "2004.10.??"]
[EventType "team"]
[EventRounds "11"]
[EventCountry "CZE"]
[SourceTitle "EXT 2007"]
[Source "ChessBase"]
[SourceDate "2006.11.23"]
[SourceVersion "1"]
[SourceVersionDate "2006.11.23"]
[SourceQuality "1"]

1. e4 c5 2. Nf3 Nc6 3. d4 cxd4 4. Nxd4 Nf6 5. Nc3 e5 6. Ndb5 d6 7. Bg5 a6 8. Bxf6 gxf6 9. Na3 b5 10. Nd5 Bg7 11. Bd3 Ne7 12. c4 f5 13. f3 fxe4 14. fxe4 Nxd5 15. cxd5 Qh4+ 16. g3 Qh3 17. Bf1 Qh6 18. Qf3 0-0 19. Bg2 f5 20. 0-0 Qg6 21. Qd3 f4 22. Nc2 fxg3 23. Rxf8+ Bxf8 24. Qxg3 Bh6 25. Qxg6+ hxg6 26. Nb4 Bd7 27. Rd1 Be3+ 28. Kh1 a5 29. Nc6 Bc5 30. Bf1 b4 31. Kg2 Rf8 32. Rd2 Rf4 33. h3 Rxe4 34. Nxa5 Re3 35. Kh2 Re1 36. Kg2 Bxh3+ 37. Kxh3 Rxf1 38. Nb7 Rc1 39. Kg4 Rc4+ 40. Kg3 Kf7 41. Nxc5 Rxc5 42. Rd3 Ra5 43. Rb3 Rxa2 44. Rxb4 Ra5 45. Rb7+ Kf6 46. b4 Rxd5 47. b5 Rd3+ 48. Kf2 Rb3 49. b6 Ke6 50. Rb8 Kd7 51. b7 Kc7 52. Rg8 Rxb7 53. Rxg6 Kc6 54. Rg4 Kc5 55. Ke2 d5 56. Kd2 e4 57. Kc2 Rh7 58. Rg2 Kd4 59. Rd2+ Kc4 60. Re2 Rh3 61. Kb2 Rc3 62. Rh2 e3 63. Rh8 Kd3 64. Re8 d4 65. Rh8 e2 66. Rh3+ Kd2 67. Rh2 Kd1 0-1